01000nam a22003137a 45000010005000000030009000050050017000140070005000310080036000360200015000720400022000870410011001090820022001201000038001422400038001802450113002182500011003312600038003423000028003804900040004084900007004485040073004556500028005286500032005567000028005887000024006168300040006408300006006800074DO-SdBNP20180125121005.00074151102b 1988 sp|| |||| 00| 0 spa d a8475251749 aBPMSUbspacBPMSU17aspah  a823.8bW453g 198810aWells, Herbert George,d1866-1946 aThe war of the worldslEspañol 13aLa guerra de los mundos /cHerbert George Wells ; traducción Ramiro de Maeztu ; ilustración Mario Lacoma a4a ed. aMadrid, España :bAnaya, c1988 a224 p. :bil. ;c21 cm.10aTus libros ;aCiencia ficciónv4410v44 aIncluye referencias bibliográficas y notas al pie de las páginas aNOVELA JUVENIL INGLESA  aLITERATURA JUVENIL INGLESA 10aMaeztu, Ramiro de,etr.10aLacoma, Mario,eil.00aTus libros ;pCiencia ficciónv4400n